<?xml version="1.0" encoding="UTF-8"?>
<marc:record xmlns:marc="http://www.loc.gov/MARC21/slim">
   <marc:leader>00000nam a2200000 a 4500</marc:leader>
   <marc:datafield ind1="1" ind2=" " tag="100">
      <marc:subfield code="a">Zöbeli, Alexandra</marc:subfield>
      <marc:subfield code="4">aut</marc:subfield>
      <marc:subfield code="e">Verfasser/-in</marc:subfield>
   </marc:datafield>
   <marc:datafield ind1="0" ind2="0" tag="245">
      <marc:subfield code="a">Die Rosen von Abbotswood Castle</marc:subfield>
   </marc:datafield>
   <marc:datafield ind1="0" ind2="0" tag="245">
      <marc:subfield code="b">Romen</marc:subfield>
   </marc:datafield>
   <marc:datafield ind1="0" ind2="0" tag="245">
      <marc:subfield code="c">Alexandra Zöbeli</marc:subfield>
   </marc:datafield>
   <marc:datafield ind1=" " ind2="1" tag="264">
      <marc:subfield code="a">Augsburg</marc:subfield>
      <marc:subfield code="b">Weltbild</marc:subfield>
      <marc:subfield code="c">2020</marc:subfield>
   </marc:datafield>
   <marc:datafield ind1=" " ind2=" " tag="250">
      <marc:subfield code="a">genehmigte Lizenzausg.</marc:subfield>
   </marc:datafield>
   <marc:datafield ind1="1" ind2=" " tag="520">
      <marc:subfield code="a">Hetty ist frustriert. Ihre Familie scheint in ihr nur die Putzfrau und Köchin zu sehen. Nicht mal an ihrem Geburtstag nimmt man sich Zeit für sie. Da muss sich was ändern. Sie folgt dem Rat ihrer Freundin Pippa, lässt ihren Mann und die achtzehnjährige Tochter in London zurück und fährt nach Schottland, zu ihrem kranken Großonkel in Abbotswood Castle. Auf der Reise zu sich selbst, jagt sie mit dem attraktiven Schreiner aus der Nachbarschaft einem Tagebuch hinterher, um dem schusseligen Schlossgespenst Rose zu helfen, endlich zu ihrem Liebsten zu kommen. Ihr eigenes Herz geht auf dieser Suche hoffnungslos verloren ... (Verlagstext)</marc:subfield>
   </marc:datafield>
   <marc:datafield ind1=" " ind2=" " tag="300">
      <marc:subfield code="a">447 S.</marc:subfield>
   </marc:datafield>
</marc:record>
